| 000 | 00585nam a2200229Ia 4500 | ||
|---|---|---|---|
| 001 | 284 | ||
| 005 | 20251203123024.0 | ||
| 008 | 251203t2014||||xx |||||||||||||| ||spa|| | ||
| 020 | _a9788416127146 | ||
| 041 | _aESP | ||
| 082 |
_a582.16 _bP48 |
||
| 100 |
_aPetherick, Tom, _cautor |
||
| 245 | 0 |
_aÁrboles del mundo _b |
|
| 246 |
_aTrees that shape the world5 _b |
||
| 260 |
_a[Barcelona] : _bLuppa Solutions, _c2014 |
||
| 300 |
_a192 páginas : _b fotografías ; _c 31 cm. _e |
||
| 440 |
_a _n _v |
||
| 650 | _aCNM | ||
| 653 | _aÁrboles | ||
| 654 | _aCTP | ||
| 942 |
_cLIB _dJUS _fMAT _2ddc _n |
||
| 999 |
_c284 _d284 |
||